00383nam a2200145 a 4500008004100000020001500041050001600056100002500072245005100097260002500148300001500173350000900188650001400197650002600211120416s1986 ||||||||||||||||| || u a0712106847 aHF 5621 BRO aBrockington, Raymond12aA concise dictionary of accounting and finance aLondonbPitmanc1986 avii, 127p. a0.00 aTEXTBOOKS aFINANCE--DICTIONARIES